000 00693nam a2200205 a 4500
001 1601
003 CO-ViMGA
008 141112s2004 ck r 000 u spa d
040 _aCO-ViMGA
_bspa
_cCO-ViMGA
082 0 4 _a649.1 S662
100 1 _aSpack, Benjamin
_950051
245 1 0 _aTu hijo /
_cSpack Benjamin , Rothenberg Michael
260 _aBogotá :
_bJavier Vergara,
_c1996
300 _a590 p
490 _aPara vivir mejos
505 _aAyuda y cuidados medicos para atender al bebe 90 - - Cuidados diarios 190 - - Alimentos y comidas 321 - - La escuela 416 - - Enfermeades 465
650 1 4 _aNIÑOS - CUIDADOS E HIGIENE
650 1 4 _aRothenberg, Michael
_950053
942 _2ddc
_cBK
999 _c13778
_d13778